La culture en couleurs (9) Blanc - Statistiques

Statistiques générales
  • Ce quiz a été pris 219 fois
  • Le résultat moyen est 9 sur 20
Statistiques - réponses
Question Réponse % Correct
On l'agite en signe de paix. Le drapeau blanc
96%
Où peut-on trouver le bureau ovale ? La Maison Blanche
87%
Précieux, il peut être jaune, blanc ou rose. L'or
82%
De quelle série Walter White est le héros ? Breaking Bad
65%
Quel mammifère blanc originaire d'Afrique est quasi-menacé ? Rhinocéros blanc
61%
Qui est à l'origine du conte de Blanche Neige ? Les frères Grimm
59%
En poudre ou liquide, d'origine végétale ou animale, on me consomme sous diverses formes. Le lait
52%
Célèbre membre de la troupe du Splendid. Michel Blanc
52%
Jeu de société pour adultes sorti en 2014. Blanc Manger Coco
50%
Dans quel département se trouve la commune de Le Blanc-Mesnil ? Seine-Saint-Denis
45%
Célèbre vin blanc Alsacien. Le Riesling
42%
Chanteur américain de rythm and blues et de soul, des années 1970, célèbre pour sa voix. Barry White
41%
Quelle reine de France était aussi la reine de Saint-Louis ? Blanche de Castille
41%
Que signifie faire blanchir des légumes ? Les faire bouillir
39%
Quelle est la signification du blanc dans le drapeau tricolore Français ? La monarchie française
29%
Quelle est cette fibre produite par un arbuste de la famille des Malvacées ? Le coton
23%
De quel métal est composé le blanc de Saturne, qui était très utilisé par les courtisanes pour se maquiller ? Le plomb
23%
A quel groupe de résistance allemand appartenaient Hans et Sophie Scholl ? La "Weiße Rose"
12%
Quelle est l'altitude du Mont-Blanc ? 4808 mètres
10%
Quelle protéine tient son nom de la couleur blanche ? L'albumine
10%
Aucun quiz correspondant
Distribution des résultats
% des personnes avec chaque résultat
Percentile par nombre de réponses
Votre historique - résultats
Vous n’avez pas pris ce quiz